000 00919ntm a22003617a 4500
005 20251124145939.0
008 170724b2011 xxu||||| |||| 00| 0 spa d
020 _a9789587550221
041 _aESP
082 _a617.643 R696de
100 _aRodríguez, Esequiel
_943532
245 _aDe la impresión a la activación en ortodoncia y ortopedia
260 _aMéxico
260 _bAmolca
260 _c2011
300 _a331 páginas
300 _bIlustraciones a color
490 _aMecánica Dental
650 _aORTODONCIA
650 _aORTOPEDIA MAXILOFACIAL
650 _aDESARROLLO CRANEOFACIAL
650 _aMATERIALES DE IMPRESIÓN
650 _aYESOS DENTALES
650 _aACRÍLICOS
650 _aGANCHOS
650 _aARCOS
650 _aRESORTES
650 _aTORNILLOS
650 _aOCLUSIÓN
650 _aAPARATOLOGÍA
650 _aFUERZA EXTRAORAL
942 _cBK
_2ddc
999 _c9670
_d9670